Omítky

Na minha lista:
Detalhes bibliográficos
Autor principal: Rovnaníková, Pavla (Author)
Formato: Livro
Idioma:tcheco
Publicado em: Praha : STOP, 2002
Edição:1.vyd.
Tags: Adicionar Tag
Sem tags, seja o primeiro a adicionar uma tag!

MARC

LEADER 00000nam a22000003a 4500
001 stu219554
005 20150617230116.7
008 101216s2002----xr------------------cze-d
020 |a 80-86657-00-0 
040 |a STU  |b slo 
041 0 |a cze 
044 |a xr 
080 |a 691.55 
100 1 |a Rovnaníková, Pavla  |4 aut 
245 1 |a Omítky 
250 |a 1.vyd. 
260 |a Praha :  |b STOP,  |c 2002 
300 |a 89 s 
996 |c V*50874/O-22743  |l VV15  |s P  |a 0  |w stu219554_0001